[Event "George Trundle Masters 2016"]
[Site "Auckland"]
[Date "2016.07.16"]
[Round "8.1"]
[White "Chan, Peng Kong"]
[Black "Croad, Nicholas"]
[Result "0-1"]
[LiveChessVersion "1.4.8"]
[BlackElo "2320"]
[WhiteElo "2238"]

1. d4 {[%clk 1:30:55]} Nf6 {[%clk 1:30:57]} 2. Nf3 {[%clk 1:30:48]} e6
{[%clk 1:31:17]} 3. c4 {[%clk 1:30:47]} b6 {[%clk 1:31:08]} 4. g3
{[%clk 1:30:55]} Ba6 {[%clk 1:31:10]} 5. b3 {[%clk 1:30:46]} d5 {[%clk 1:30:29]}
6. Bg2 {[%clk 1:27:44]} Bb4+ {[%clk 1:29:59]} 7. Bd2 {[%clk 1:27:35]} Be7
{[%clk 1:28:59]} 8. Nc3 {[%clk 1:21:21]} c6 {[%clk 1:26:24]} 9. Ne5
{[%clk 1:07:34]} O-O {[%clk 1:25:02]} 10. cxd5 {[%clk 1:01:49]} cxd5
{[%clk 1:24:40]} 11. O-O {[%clk 1:02:08]} Nfd7 {[%clk 1:24:07]} 12. Nxd7
{[%clk 0:57:43]} Qxd7 {[%clk 1:23:09]} 13. Re1 {[%clk 0:55:51]} Nc6
{[%clk 1:22:13]} 14. Be3 {[%clk 0:48:18]} Rac8 {[%clk 1:21:52]} 15. a3
{[%clk 0:43:57]} Na5 {[%clk 1:19:34]} 16. Nb1 {[%clk 0:44:14]} Nb7
{[%clk 1:18:50]} 17. Ra2 {[%clk 0:40:15]} Nd6 {[%clk 1:18:46]} 18. f3
{[%clk 0:39:29]} Rc6 {[%clk 1:16:30]} 19. Bf2 {[%clk 0:39:47]} Rfc8
{[%clk 1:15:47]} 20. e4 {[%clk 0:38:54]} dxe4 {[%clk 1:13:39]} 21. fxe4
{[%clk 0:39:19]} Bg5 {[%clk 0:56:13]} 22. Qg4 {[%clk 0:35:20]} Bh6
{[%clk 0:56:25]} 23. Bf1 {[%clk 0:30:15]} Bxf1 {[%clk 0:55:50]} 24. Rxf1
{[%clk 0:29:52]} Rc1 {[%clk 0:55:23]} 25. Nd2 {[%clk 0:29:51]} Qb5
{[%clk 0:53:23]} 26. Nc4 {[%clk 0:24:16]} Rxf1+ {[%clk 0:52:10]} 27. Kxf1
{[%clk 0:24:38]} Nxc4 {[%clk 0:52:31]} 28. bxc4 {[%clk 0:25:03]} Qb1+
{[%clk 0:52:55]} 0-1

[Event "George Trundle Masters 2016"]
[Site "Auckland"]
[Date "2016.07.16"]
[Round "8.2"]
[White "Hague, Ben"]
[Black "Lane, Gary W"]
[Result "0-1"]
[LiveChessVersion "1.4.8"]
[BlackElo "2375"]
[WhiteElo "2336"]

1. e4 {[%clk 1:30:58]} e5 {[%clk 1:30:06]} 2. Nf3 {[%clk 1:31:22]} Nc6
{[%clk 1:30:30]} 3. Bc4 {[%clk 1:31:49]} Bc5 {[%clk 1:29:36]} 4. O-O
{[%clk 1:32:03]} Nf6 {[%clk 1:27:32]} 5. d3 {[%clk 1:31:58]} O-O {[%clk 1:24:37]}
6. h3 {[%clk 1:31:02]} Re8 {[%clk 1:19:25]} 7. c3 {[%clk 1:24:11]} h6
{[%clk 1:09:58]} 8. Re1 {[%clk 1:23:18]} d6 {[%clk 1:02:09]} 9. b4
{[%clk 1:21:19]} Bb6 {[%clk 1:02:31]} 10. a4 {[%clk 1:21:20]} a6 {[%clk 1:02:23]}
11. a5 {[%clk 1:20:53]} Ba7 {[%clk 1:02:48]} 12. Nbd2 {[%clk 1:17:43]} Be6
{[%clk 1:00:11]} 13. Bxe6 {[%clk 1:13:12]} Rxe6 {[%clk 0:58:41]} 14. Nf1
{[%clk 1:09:52]} d5 {[%clk 0:54:39]} 15. Qb3 {[%clk 1:08:50]} dxe4
{[%clk 0:27:20]} 16. dxe4 {[%clk 1:09:07]} Qd3 {[%clk 0:16:18]} 17. Be3
{[%clk 0:49:42]} Nd4 {[%clk 0:14:21]} 18. Bxd4 {[%clk 0:48:44]} exd4
{[%clk 0:14:46]} 19. e5 {[%clk 0:48:38]} Ne4 {[%clk 0:08:24]} 20. Rad1
{[%clk 0:39:00]} Qxc3 {[%clk 0:08:42]} 21. Qd5 {[%clk 0:38:29]} Ng5
{[%clk 0:08:30]} 22. Nxg5 {[%clk 0:38:28]} hxg5 {[%clk 0:08:55]} 23. Qxb7
{[%clk 0:38:44]} Qc6 {[%clk 0:08:42]} 24. Qxc6 {[%clk 0:38:59]} Rxc6
{[%clk 0:09:11]} 25. Rc1 {[%clk 0:36:50]} Rc3 {[%clk 0:08:32]} 26. Nd2
{[%clk 0:37:10]} c5 {[%clk 0:07:09]} 27. bxc5 {[%clk 0:37:16]} Bxc5
{[%clk 0:07:35]} 28. Ne4 {[%clk 0:37:31]} Rxc1 {[%clk 0:07:59]} 29. Rxc1
{[%clk 0:37:56]} Bb4 {[%clk 0:08:26]} 30. Rc4 {[%clk 0:37:37]} Bxa5
{[%clk 0:07:39]} 31. Rxd4 {[%clk 0:37:55]} Bc7 {[%clk 0:06:31]} 32. e6
{[%clk 0:35:30]} fxe6 {[%clk 0:04:25]} 33. Nxg5 {[%clk 0:35:24]} Bb6
{[%clk 0:03:25]} 34. Ra4 {[%clk 0:33:30]} e5 {[%clk 0:03:37]} 35. Nf3
{[%clk 0:33:21]} Bc7 {[%clk 0:03:31]} 36. Kf1 {[%clk 0:30:37]} Kf7
{[%clk 0:03:56]} 37. Ke2 {[%clk 0:30:24]} a5 {[%clk 0:04:02]} 38. Nd2
{[%clk 0:27:58]} Ke6 {[%clk 0:04:07]} 39. Nb3 {[%clk 0:26:02]} Kd5
{[%clk 0:02:44]} 40. Kd3 {[%clk 0:55:32]} Rf8 {[%clk 0:31:52]} 41. f3
{[%clk 0:55:22]} Rf4 {[%clk 0:24:48]} 42. Ra2 {[%clk 0:52:10]} a4
{[%clk 0:22:29]} 43. Nd2 {[%clk 0:52:21]} Rd4+ {[%clk 0:21:21]} 44. Kc2
{[%clk 0:52:18]} Ba5 {[%clk 0:19:50]} 45. Ne4 {[%clk 0:51:27]} Kc6
{[%clk 0:18:27]} 46. Ra3 {[%clk 0:47:08]} Kb5 {[%clk 0:13:02]} 47. Nc3+
{[%clk 0:45:41]} Bxc3 {[%clk 0:13:25]} 48. Rxc3 {[%clk 0:44:47]} Kb4
{[%clk 0:09:05]} 49. Rc7 {[%clk 0:44:01]} Rc4+ {[%clk 0:08:54]} 50. Rxc4+
{[%clk 0:44:24]} Kxc4 {[%clk 0:09:22]} 51. h4 {[%clk 0:44:38]} Kd4
{[%clk 0:09:31]} 52. h5 {[%clk 0:42:42]} e4 {[%clk 0:08:23]} 53. fxe4
{[%clk 0:43:02]} Kxe4 {[%clk 0:08:48]} 54. Kb2 {[%clk 0:43:16]} Kf4
{[%clk 0:08:38]} 55. Ka3 {[%clk 0:43:35]} Kg3 {[%clk 0:05:02]} 56. Kxa4
{[%clk 0:43:53]} Kxg2 {[%clk 0:05:28]} 57. Kb3 {[%clk 0:43:23]} Kg3
{[%clk 0:05:53]} 58. Kc2 {[%clk 0:43:48]} Kg4 {[%clk 0:06:18]} 59. h6
{[%clk 0:44:07]} gxh6 {[%clk 0:06:43]} 60. Kd1 {[%clk 0:44:33]} Kg3
{[%clk 0:06:45]} 61. Ke1 {[%clk 0:44:59]} Kg2 0-1

[Event "George Trundle Masters 2016"]
[Site "Auckland"]
[Date "2016.07.16"]
[Round "8.3"]
[White "Wallis, Christopher"]
[Black "Watson, Bruce R"]
[Result "0-1"]
[LiveChessVersion "1.4.8"]
[BlackElo "2237"]
[WhiteElo "2351"]

1. e4 {[%clk 1:28:53]} c5 {[%clk 1:30:40]} 2. Nf3 {[%clk 1:29:12]} e6
{[%clk 1:30:18]} 3. g3 {[%clk 1:29:33]} Nc6 {[%clk 1:29:29]} 4. Bg2
{[%clk 1:29:54]} Nf6 {[%clk 1:28:37]} 5. Qe2 {[%clk 1:30:04]} d6 {[%clk 1:28:02]}
6. O-O {[%clk 1:30:20]} Be7 {[%clk 1:28:05]} 7. c3 {[%clk 1:30:33]} e5
{[%clk 1:26:25]} 8. Rd1 {[%clk 1:30:11]} O-O {[%clk 1:25:24]} 9. d4
{[%clk 1:30:13]} cxd4 {[%clk 1:19:15]} 10. cxd4 {[%clk 1:30:35]} Bg4
{[%clk 1:19:25]} 11. dxe5 {[%clk 1:26:32]} Nxe5 {[%clk 1:19:41]} 12. Nbd2
{[%clk 1:16:00]} Qc8 {[%clk 1:08:41]} 13. b3 {[%clk 1:06:16]} Qc2
{[%clk 0:56:13]} 14. Ba3 {[%clk 1:02:02]} Rac8 {[%clk 0:43:43]} 15. h3
{[%clk 0:56:21]} Bxf3 {[%clk 0:33:39]} 16. Bxf3 {[%clk 0:56:38]} Nxf3+
{[%clk 0:32:38]} 17. Qxf3 {[%clk 0:56:59]} Rfe8 {[%clk 0:26:44]} 18. e5
{[%clk 0:47:35]} dxe5 {[%clk 0:18:24]} 19. Rac1 {[%clk 0:45:23]} Bxa3
{[%clk 0:18:03]} 20. Rxc2 {[%clk 0:45:47]} Rxc2 {[%clk 0:18:19]} 21. Qd3
{[%clk 0:35:25]} Rc7 {[%clk 0:14:42]} 22. Nc4 {[%clk 0:31:30]} Rd7
{[%clk 0:14:31]} 23. Qe2 {[%clk 0:29:55]} Rxd1+ {[%clk 0:14:48]} 24. Qxd1
{[%clk 0:30:20]} Bc5 {[%clk 0:15:00]} 25. a4 {[%clk 0:23:51]} b6 {[%clk 0:12:45]}
26. Kg2 {[%clk 0:24:15]} g6 {[%clk 0:12:45]} 27. Qf3 {[%clk 0:20:40]} Kg7
{[%clk 0:12:38]} 28. Qb7 {[%clk 0:17:22]} Re7 {[%clk 0:12:25]} 29. Qc6
{[%clk 0:15:27]} Re6 {[%clk 0:11:29]} 30. Qb5 {[%clk 0:15:46]} Ne4
{[%clk 0:09:41]} 31. Ne3 {[%clk 0:11:50]} a5 {[%clk 0:09:11]} 32. Qd3
{[%clk 0:11:10]} Nf6 {[%clk 0:09:06]} 33. Nc4 {[%clk 0:10:34]} h5
{[%clk 0:08:21]} 34. Kf1 {[%clk 0:07:21]} Ne8 {[%clk 0:07:57]} 35. Ke2
{[%clk 0:05:57]} Nf6 {[%clk 0:07:29]} 36. Qc2 {[%clk 0:03:03]} Nd5
{[%clk 0:07:04]} 37. Nxa5 {[%clk 0:01:22]} Rf6 {[%clk 0:05:23]} 38. f3
{[%clk 0:01:20]} Bd4 {[%clk 0:05:27]} 39. Nc4 {[%clk 0:01:04]} Nc3+
{[%clk 0:05:41]} 40. Ke1 {[%clk 0:30:36]} Rxf3 {[%clk 0:35:51]} 41. Qg2
{[%clk 0:26:58]} Rd3 {[%clk 0:33:09]} 42. Qc2 {[%clk 0:20:07]} Rxg3
{[%clk 0:31:30]} 43. Qh2 {[%clk 0:18:44]} Rd3 {[%clk 0:30:07]} 44. Nd2
{[%clk 0:17:32]} Re3+ {[%clk 0:26:06]} 45. Kf1 {[%clk 0:17:47]} Re2
{[%clk 0:26:00]} 46. Qxe2 {[%clk 0:18:11]} Nxe2 {[%clk 0:26:23]} 47. Kxe2
{[%clk 0:18:37]} f5 {[%clk 0:25:52]} 48. Nf3 {[%clk 0:18:42]} Kf6
{[%clk 0:25:59]} 49. Kd3 {[%clk 0:16:36]} e4+ {[%clk 0:20:33]} 50. Kxd4
{[%clk 0:17:02]} exf3 {[%clk 0:20:56]} 51. Ke3 {[%clk 0:17:30]} Ke5
{[%clk 0:20:58]} 52. h4 {[%clk 0:17:16]} Kd5 {[%clk 0:21:22]} 53. b4
{[%clk 0:17:37]} Kc4 {[%clk 0:21:15]} 54. a5 {[%clk 0:17:57]} bxa5
{[%clk 0:21:38]} 55. bxa5 {[%clk 0:18:24]} Kb5 {[%clk 0:22:00]} 56. Kxf3
{[%clk 0:18:49]} Kxa5 {[%clk 0:22:24]} 57. Kf4 {[%clk 0:18:58]} Kb5
{[%clk 0:22:36]} 58. Kg5 {[%clk 0:19:25]} Kc5 {[%clk 0:22:28]} 59. Kxg6
{[%clk 0:19:50]} f4 {[%clk 0:22:46]} 60. Kxh5 {[%clk 0:20:17]} f3
{[%clk 0:22:58]} 61. Kg6 {[%clk 0:20:30]} f2 {[%clk 0:23:21]} 62. h5
{[%clk 0:20:57]} f1=Q {[%clk 0:23:44]} 63. h6 {[%clk 0:21:23]} Qf8
{[%clk 0:23:17]} 0-1

[Event "George Trundle Masters 2016"]
[Site "Auckland"]
[Date "2016.07.16"]
[Round "8.4"]
[White "Solomon, Stephen J"]
[Black "Wastney, Scott"]
[Result "1-0"]
[LiveChessVersion "1.4.8"]
[BlackElo "2370"]
[WhiteElo "2367"]

1. e4 e5 2. Nf3 {[%clk 1:31:04]} Nc6 {[%clk 1:31:24]} 3. Bb5 {[%clk 1:31:19]} a6
{[%clk 1:31:49]} 4. Ba4 {[%clk 1:30:57]} Nf6 {[%clk 1:31:57]} 5. O-O
{[%clk 1:31:06]} Be7 {[%clk 1:32:02]} 6. Re1 {[%clk 1:31:22]} b5 {[%clk 1:32:20]}
7. Bb3 {[%clk 1:31:36]} O-O {[%clk 1:32:29]} 8. a4 {[%clk 1:26:25]} b4
{[%clk 1:32:28]} 9. d3 {[%clk 1:26:20]} Bc5 {[%clk 1:31:00]} 10. a5
{[%clk 1:23:13]} d6 {[%clk 1:27:54]} 11. Be3 {[%clk 1:20:57]} Bxe3
{[%clk 1:26:25]} 12. fxe3 {[%clk 1:19:58]} Be6 {[%clk 1:24:33]} 13. Bxe6
{[%clk 1:14:00]} fxe6 {[%clk 1:24:56]} 14. Nbd2 {[%clk 1:14:22]} Rb8
{[%clk 1:13:09]} 15. c4 {[%clk 1:09:20]} bxc3 {[%clk 1:08:20]} 16. bxc3
{[%clk 1:09:19]} Rb5 {[%clk 1:03:43]} 17. c4 {[%clk 1:02:09]} Rxa5
{[%clk 0:46:26]} 18. Rxa5 {[%clk 0:56:11]} Nxa5 {[%clk 0:46:47]} 19. Qa4
{[%clk 0:56:14]} Nb7 {[%clk 0:43:11]} 20. d4 {[%clk 0:56:28]} Qa8
{[%clk 0:33:46]} 21. Qc6 {[%clk 0:53:30]} exd4 {[%clk 0:32:19]} 22. exd4
{[%clk 0:53:31]} Qc8 {[%clk 0:25:41]} 23. Qxa6 {[%clk 0:53:07]} Qa8
{[%clk 0:24:09]} 24. Qc6 {[%clk 0:50:03]} Qc8 {[%clk 0:23:24]} 25. Qa6
{[%clk 0:46:43]} Qa8 {[%clk 0:23:13]} 26. Ra1 {[%clk 0:46:45]} Qxa6
{[%clk 0:23:22]} 27. Rxa6 {[%clk 0:47:09]} Rc8 {[%clk 0:16:02]} 28. Ra7
{[%clk 0:36:06]} Nd8 {[%clk 0:16:17]} 29. e5 {[%clk 0:36:18]} Ne8
{[%clk 0:15:53]} 30. Ne4 {[%clk 0:34:05]} Nc6 {[%clk 0:12:16]} 31. Ra6
{[%clk 0:31:12]} Nb4 {[%clk 0:12:13]} 32. Ra4 {[%clk 0:31:21]} Nc6
{[%clk 0:11:53]} 33. Neg5 {[%clk 0:25:57]} Nd8 {[%clk 0:11:14]} 34. Ra6
{[%clk 0:26:17]} h6 {[%clk 0:09:59]} 35. Ne4 {[%clk 0:25:35]} Nf7
{[%clk 0:09:25]} 36. h4 {[%clk 0:22:16]} Kf8 {[%clk 0:06:59]} 37. h5
{[%clk 0:20:42]} Ke7 {[%clk 0:06:02]} 38. Kh2 {[%clk 0:16:23]} Kd7
{[%clk 0:04:33]} 39. Nh4 {[%clk 0:12:45]} Nd8 {[%clk 0:03:09]} 40. Ng6
{[%clk 0:41:54]} Rb8 {[%clk 0:31:40]} 41. c5 {[%clk 0:33:43]} Rb4
{[%clk 0:17:14]} 42. cxd6 {[%clk 0:30:00]} cxd6 {[%clk 0:15:11]} 43. exd6
{[%clk 0:29:05]} Nf6 {[%clk 0:11:37]} 44. Nc5+ {[%clk 0:29:01]} Ke8
{[%clk 0:11:29]} 45. Ra7 {[%clk 0:28:54]} Nc6 {[%clk 0:11:28]} 46. Rc7
{[%clk 0:24:22]} Nxh5 {[%clk 0:07:06]} 47. Rxc6 {[%clk 0:23:56]} Rxd4
{[%clk 0:07:19]} 48. Rc7 {[%clk 0:23:25]} 1-0

[Event "George Trundle Masters 2016"]
[Site "Auckland"]
[Date "2016.07.16"]
[Round "8.5"]
[White "Garbett, Paul A"]
[Black "Smith, Robert W"]
[Result "0-1"]
[LiveChessVersion "1.4.8"]
[BlackElo "2207"]
[WhiteElo "2229"]

1. Nf3 {[%clk 1:30:27]} Nf6 {[%clk 1:30:38]} 2. c4 {[%clk 1:30:42]} d6
{[%clk 1:28:46]} 3. d4 {[%clk 1:30:54]} c6 {[%clk 1:27:50]} 4. Nc3
{[%clk 1:30:45]} Bg4 {[%clk 1:27:26]} 5. g3 {[%clk 1:29:54]} Nbd7
{[%clk 1:24:37]} 6. Bg2 {[%clk 1:27:39]} e5 {[%clk 1:25:00]} 7. h3
{[%clk 1:24:29]} Bh5 {[%clk 1:20:13]} 8. Be3 {[%clk 1:22:23]} Be7
{[%clk 1:19:33]} 9. O-O {[%clk 1:17:33]} O-O {[%clk 1:16:47]} 10. Nh4
{[%clk 1:15:00]} Re8 {[%clk 1:13:37]} 11. dxe5 {[%clk 1:06:55]} dxe5
{[%clk 1:13:40]} 12. Nf5 {[%clk 1:06:02]} Bf8 {[%clk 1:03:09]} 13. Na4
{[%clk 0:57:03]} Qa5 {[%clk 0:55:10]} 14. g4 {[%clk 0:50:52]} Bg6
{[%clk 0:55:19]} 15. a3 {[%clk 0:49:49]} Bxf5 {[%clk 0:50:06]} 16. gxf5
{[%clk 0:46:08]} e4 {[%clk 0:48:06]} 17. c5 {[%clk 0:45:17]} Qc7 {[%clk 0:48:06]}
18. Qb3 {[%clk 0:43:32]} Rab8 {[%clk 0:43:05]} 19. Bg5 {[%clk 0:34:49]} Qe5
{[%clk 0:35:46]} 20. Rac1 {[%clk 0:31:29]} Qxf5 {[%clk 0:34:49]} 21. Qg3
{[%clk 0:31:03]} Re5 {[%clk 0:24:20]} 22. h4 {[%clk 0:27:20]} Rbe8
{[%clk 0:17:44]} 23. b4 {[%clk 0:26:38]} h6 {[%clk 0:15:26]} 24. Bh3
{[%clk 0:25:01]} Qg6 {[%clk 0:14:47]} 25. Bf4 {[%clk 0:25:06]} Rh5
{[%clk 0:12:45]} 26. Qxg6 {[%clk 0:22:13]} fxg6 {[%clk 0:13:14]} 27. Bxd7
{[%clk 0:18:34]} Nxd7 {[%clk 0:13:37]} 28. Rfd1 {[%clk 0:18:22]} Nf6
{[%clk 0:12:15]} 29. Bg3 {[%clk 0:18:37]} e3 {[%clk 0:09:43]} 30. f3
{[%clk 0:17:20]} g5 {[%clk 0:09:30]} 31. Rd4 {[%clk 0:16:59]} gxh4
{[%clk 0:09:10]} 32. Bxh4 {[%clk 0:15:37]} Nd5 {[%clk 0:08:43]} 33. Rcc4
{[%clk 0:12:49]} Rhe5 {[%clk 0:05:29]} 34. Rg4 {[%clk 0:11:57]} Be7
{[%clk 0:04:47]} 35. Bg3 {[%clk 0:11:26]} Rg5 {[%clk 0:05:11]} 36. Rxg5
{[%clk 0:09:17]} Bxg5 {[%clk 0:05:33]} 37. Nb2 {[%clk 0:09:37]} Bf6
{[%clk 0:05:12]} 38. Nd3 {[%clk 0:09:49]} g5 {[%clk 0:04:35]} 39. Kg2
{[%clk 0:08:21]} Kf7 {[%clk 0:04:55]} 40. Be1 {[%clk 0:35:53]} Kg6
{[%clk 0:34:46]} 41. a4 {[%clk 0:33:56]} a6 {[%clk 0:34:44]} 42. Rc1
{[%clk 0:33:43]} Rd8 {[%clk 0:25:52]} 43. Kf1 {[%clk 0:26:01]} Kf5
{[%clk 0:21:22]} 44. b5 {[%clk 0:24:51]} axb5 {[%clk 0:21:44]} 45. axb5
{[%clk 0:25:15]} Ra8 {[%clk 0:18:28]} 46. Rb1 {[%clk 0:23:26]} Ra1
{[%clk 0:17:41]} 47. Rxa1 {[%clk 0:22:19]} Bxa1 {[%clk 0:18:10]} 48. bxc6
{[%clk 0:22:32]} bxc6 {[%clk 0:18:39]} 49. Bg3 {[%clk 0:22:30]} Bc3
{[%clk 0:18:00]} 50. Bd6 {[%clk 0:20:20]} h5 {[%clk 0:17:59]} 51. Kg2
{[%clk 0:20:14]} Nb4 {[%clk 0:17:10]} 52. Be5 {[%clk 0:17:12]} Nxd3
{[%clk 0:15:07]} 53. Bxc3 {[%clk 0:17:31]} Nf4+ {[%clk 0:15:32]} 54. Kf1
{[%clk 0:16:37]} Ne6 {[%clk 0:15:42]} 55. Bb2 {[%clk 0:13:07]} Kf4
{[%clk 0:14:35]} 56. Ba3 {[%clk 0:13:02]} Ke5 {[%clk 0:12:21]} 57. Bb2+
{[%clk 0:12:44]} Kd5 {[%clk 0:12:50]} 58. Bf6 {[%clk 0:13:02]} Kxc5
{[%clk 0:13:00]} 0-1